000 00335nam a2200133Ia 4500
008 151001s9999||||xx |||||||||||||| ||und||
100 _aबद्री सिंह भाटीया
245 _aकवच
250 _a1
260 _bपंकज बुक्स
260 _c2003
300 _a144
365 _b21
999 _c992314
_d992311